| 000 | 00528cam a22001577a 4500 | ||
|---|---|---|---|
| 008 | 180718b1998 xxu||||| |||| 00| 0 eng d | ||
| 082 | _aA81x54 91/7/PT 4A/C | ||
| 100 | _aCensus of India 1991 | ||
| 245 | _aGujarat: socio-cultural tables | ||
| 260 |
_aDelhi _bThe Controller of Publications _c1998 |
||
| 300 | _a489+p. | ||
| 440 | _aCensus of India 1991. Series 7, Gujarat. Part IVA-C Series | ||
| 500 | _aContents: Tables C-1, C-2, C-2(A), C-3(A), C-3(B), C-4, C-5 and C-6 | ||
| 650 | _aCulture | ||
| 650 | _aGujarat - Census | ||
| 999 |
_c481032 _d481032 |
||